000 00202 a2200097 4500
001 17763
100 _aKostrykin
245 _aApplied mechanics
260 _a
_bMir Publishers
_c
090 _c13130
_d13130
942 _aNUST-CAE
_cM
_c3482
999 _c252836
_d252836